| 000 | 00703am a2200277a 44500 | ||
|---|---|---|---|
| 003 | AR-BaBNM | ||
| 005 | 20251128203357.0 | ||
| 008 | 277019s[s.f #AR|||||||||||000 | spa|| | ||
| 040 | _cAR-BaBNM | ||
| 100 | 0 | _aSófocles | |
| 245 | 1 | 0 |
_aTragedias _bFilóctetes ; Ayax ; Electra _n2 ; |
| 260 |
_aValencia _bPrometeo _c[s.f.] |
||
| 300 | _a172 p. | ||
| 490 | 0 | _aClásicos griegos | |
| 650 | 4 | _aLITERATURA GRIEGA | |
| 650 | 4 | _aTRAGEDIA | |
| 650 | 4 | _aTEATRO ANTIGUO | |
| 650 | 4 | _aARTE ANTIGUO | |
| 650 | 4 | _aMITOLOGIA | |
| 650 | 4 | _aRELIGION | |
| 655 | _aLITERATURA | ||
| 700 | 0 |
_aLeconte de Lisle _etraductor |
|
| 700 | 1 |
_aVelasco y García, José _etraductor |
|
| 942 | _cBK | ||
| 998 | _cMARTIN | ||
| 999 |
_c3104 _d3104 |
||